[Event "3MCR_4D_2LB_2S"]
[Site "?"]
[Date "1999.??.??"]
[Round "2"]
[White "Krcmar, Jiri"]
[Black "Svarc, Roman"]
[Result "1-0"]
[WhiteElo "2240"]
[BlackElo "2050"]
[PlyCount "95"]
[EventDate "1999.??.??"]
[EventType "corr"]

1. d4 Nf6 2. c4 g6 3. Nc3 Bg7 4. e4 d6 5. f4 O-O 6. Nf3 c5 7. Be2 cxd4 8. Nxd4
Na6 9. Be3 Nc5 10. Bf3 Qb6 11. Rb1 Qd8 12. O-O Ncd7 13. Qe2 a6 14. Rfd1 Ne8 15.
Rbc1 e5 16. fxe5 Nxe5 17. Nd5 Nf6 18. Bg5 Be6 19. b3 Bxd5 20. exd5 Re8 21. Be3
Qd7 22. Qd2 b5 23. Rf1 bxc4 24. bxc4 Qc7 25. Bg5 Qc5 26. Kh1 Nxf3 27. gxf3 Nd7
28. Nb3 Qa3 29. Rc2 Rac8 30. Qa5 Qxa5 31. Nxa5 Ne5 32. Bf4 Rc5 33. Bxe5 Bxe5
34. Nc6 Bf4 35. Rb1 Re3 36. Rb3 Re1+ 37. Kg2 Rd1 38. Rb6 Rd2+ 39. Rxd2 Bxd2 40.
Rb2 Bc3 41. Rc2 Bf6 42. Kf2 Kg7 43. Ke2 h5 44. Kd3 Kh6 45. Re2 Bg5 46. Re4 Kg7
47. a4 Kf6 48. a5 1-0

[Event "3MCR_4D_2LB_2S"]
[Site "?"]
[Date "1999.??.??"]
[Round "2"]
[White "Veselsky, Michal"]
[Black "Nigrin, Jiri"]
[Result "1-0"]
[WhiteElo "1600"]
[BlackElo "1945"]
[PlyCount "89"]
[EventDate "1999.??.??"]
[EventType "corr"]

1. e4 c5 2. f4 d5 3. exd5 Nf6 4. Nc3 Nxd5 5. Nf3 e6 6. Ne5 Nd7 7. Bb5 Bd6 8.
O-O O-O 9. Bxd7 Bxd7 10. Qe2 Qc7 11. d3 Nxc3 12. bxc3 c4 13. Nxc4 Be7 14. f5 b5
15. f6 Bxf6 16. Rxf6 bxc4 17. Qg4 Qb6+ 18. Rf2 f5 19. Qxc4 Rfc8 20. Qd4 Qc6 21.
c4 Rc7 22. Rb1 Re8 23. Qe5 Bc8 24. Be3 Ba6 25. Bd4 Qd7 26. c3 Rb7 27. Re1 Rbb8
28. g4 fxg4 29. Ref1 Rb7 30. Bc5 h6 31. Qe4 Qc8 32. Qg6 Qxc5 33. Qxe8+ Kh7 34.
Qxe6 Rb6 35. Qe4+ Rg6 36. Kh1 Bc8 37. Rf7 Be6 38. Rb7 Bc8 39. Re7 g3 40. hxg3
Qg5 41. Rff7 Qc1+ 42. Kh2 Qd2+ 43. Qe2 Qg5 44. Qf3 Qd2+ 45. Re2 1-0

[Event "3MCR_4D_2LB_2S"]
[Site "?"]
[Date "1999.??.??"]
[Round "2"]
[White "Necesany, Zdenek"]
[Black "Veselsky, Michal"]
[Result "1/2-1/2"]
[WhiteElo "2260"]
[BlackElo "1600"]
[PlyCount "101"]
[EventDate "1999.??.??"]
[EventType "corr"]

1. e4 Nf6 2. e5 Nd5 3. d4 d6 4. Nf3 dxe5 5. Nxe5 Nd7 6. Nf3 e6 7. g3 c5 8. Bg2
b5 9. O-O Bb7 10. Qe2 c4 11. Bg5 Qc7 12. c3 h6 13. Bd2 Bd6 14. a4 a6 15. b4 O-O
16. Na3 Qc6 17. a5 Rfe8 18. Rfe1 e5 19. Qf1 exd4 20. Nxd4 Qc7 21. Rxe8+ Rxe8
22. Naxb5 axb5 23. Nxb5 Qc6 24. Nxd6 Qxd6 25. Qxc4 N5b6 26. Qd4 Qxd4 27. cxd4
Bxg2 28. Kxg2 Nc4 29. Bc3 Nf6 30. a6 Nd5 31. Be1 Rc8 32. Kf3 Nd6 33. Bd2 Ra8
34. Ra5 Nb6 35. Bf4 Nbc4 36. Bxd6 Nxa5 37. b5 Nc4 38. Bc5 Re8 39. b6 Na5 40. d5
Ra8 41. a7 Nb7 42. Bb4 f6 43. Ke4 Kf7 44. Kd4 Rc8 45. g4 Ke8 46. h4 g5 47. hxg5
hxg5 48. f3 Kd7 49. Be1 Ra8 50. Bc3 Kc8 51. Kc4 1/2-1/2

[Event "3MCR_4D_2LB_2S"]
[Site "?"]
[Date "1999.??.??"]
[Round "2"]
[White "Nigrin, Jiri"]
[Black "Necesany, Zdenek"]
[Result "0-1"]
[WhiteElo "1945"]
[BlackElo "2260"]
[PlyCount "126"]
[EventDate "1999.??.??"]
[EventType "corr"]

1. e4 e5 2. Nf3 Nc6 3. d4 exd4 4. Nxd4 Bc5 5. Be3 Qf6 6. c3 Nge7 7. Bc4 Ne5 8.
Be2 Qg6 9. O-O d6 10. f3 O-O 11. Kh1 d5 12. Nd2 dxe4 13. fxe4 Bb6 14. Qc2 N7c6
15. N2f3 Bg4 16. Nxc6 Nxc6 17. Bxb6 axb6 18. Nh4 Qh5 19. Bxg4 Qxg4 20. Nf5 Rfe8
21. Rfe1 Ne5 22. Re3 Qf4 23. Qe2 Ng4 24. g3 Qg5 25. Rf3 Ra5 26. h4 Qh5 27. Rd3
Rae5 28. Rf1 Nf6 29. Qxh5 Nxh5 30. Rd7 Rxf5 31. Rxf5 Nxg3+ 32. Kg2 Nxf5 33.
exf5 Rc8 34. Kf3 Kf8 35. f6 gxf6 36. Kf4 Ke8 37. Rd3 Ra8 38. Kf5 Rxa2 39. Re3+
Kf8 40. Re2 Ra4 41. b4 Ra1 42. Kxf6 h6 43. Kf5 Rd1 44. Re3 b5 45. Kg4 Rd5 46.
Rf3 h5+ 47. Kf4 f6 48. Ke4 Re5+ 49. Kf4 c6 50. Rd3 Rd5 51. Re3 Kf7 52. Rg3 Ke6
53. Re3+ Re5 54. Rd3 Re1 55. Rd4 Rf1+ 56. Kg3 f5 57. Rd8 f4+ 58. Kg2 Rc1 59.
Rh8 Rxc3 60. Rxh5 Rb3 61. Rh7 Rxb4 62. h5 Rb3 63. h6 Rg3+ 0-1

[Event "3MCR_4D_2LB_2S"]
[Site "?"]
[Date "1999.??.??"]
[Round "2"]
[White "Svarc, Roman"]
[Black "Cakl, Zdenek"]
[Result "1/2-1/2"]
[WhiteElo "2050"]
[BlackElo "2000"]
[PlyCount "73"]
[EventDate "1999.??.??"]
[EventType "corr"]

1. c4 f5 2. Nc3 e6 3. g3 Nf6 4. Bg2 d5 5. d4 c6 6. Nf3 Be7 7. O-O O-O 8. Qc2
Ne4 9. b3 Nd7 10. Bb2 Bd6 11. Nxe4 fxe4 12. Ne5 Nxe5 13. dxe5 Be7 14. f3 exf3
15. exf3 Bd7 16. Bh3 b5 17. Rad1 Qb6+ 18. Kh1 bxc4 19. bxc4 Rab8 20. Ba1 Qa6
21. Rf2 Kh8 22. Bf1 Qa3 23. f4 Be8 24. Bd3 c5 25. Qe2 d4 26. Qf1 Qa4 27. Rdd2
Bd8 28. Qh3 h6 29. Qg4 Ba5 30. Rd1 Bc7 31. Kg1 Bf7 32. Rdf1 Bg8 33. Qg6 Qe8 34.
Qe4 Rb6 35. Bb2 Qc6 36. Qg6 Bd8 37. Bc1 1/2-1/2

[Event "3MCR_4D_2LB_2S"]
[Site "?"]
[Date "1999.??.??"]
[Round "2"]
[White "Rachunek, Milan"]
[Black "Svarc, Roman"]
[Result "1-0"]
[WhiteElo "2165"]
[BlackElo "2050"]
[PlyCount "78"]
[EventDate "1999.??.??"]
[EventType "corr"]

1. d4 Nf6 2. c4 g6 3. Nc3 Bg7 4. e4 d6 5. f3 O-O 6. Be3 e5 7. d5 c6 8. Bd3 b5
9. Nge2 bxc4 10. Bxc4 c5 11. O-O Nbd7 12. Ng3 Ne8 13. Qd2 Nc7 14. b3 Nb6 15.
Bd3 f5 16. exf5 gxf5 17. Bg5 Qe8 18. a4 a5 19. Nb5 Nxb5 20. axb5 Qf7 21. Rxa5
Rxa5 22. Qxa5 Nxd5 23. Bc4 Be6 24. Qa6 h6 25. Bd2 Rd8 26. b6 Rb8 27. b7 Rxb7
28. Qxd6 Kh7 29. Re1 Qd7 30. Qxc5 Rc7 31. Qf2 Qf7 32. Rc1 Rd7 33. Qe1 Ra7 34.
b4 Rd7 35. b5 Nf6 36. Bxe6 Qxe6 37. Kh1 e4 38. Bc3 e3 39. Qe2 Ne8 1-0

[Event "3MCR_4D_2LB_2S"]
[Site "?"]
[Date "1999.??.??"]
[Round "2"]
[White "Zelinka, Jiri"]
[Black "Humpolak, Jiri"]
[Result "1-0"]
[WhiteElo "2000"]
[BlackElo "1815"]
[PlyCount "87"]
[EventDate "1999.??.??"]
[EventType "corr"]

1. d4 Nf6 2. c4 e6 3. Nc3 Bb4 4. Qc2 d5 5. a3 Be7 6. Nf3 c5 7. cxd5 cxd4 8.
Nxd4 exd5 9. Bf4 O-O 10. Ndb5 Na6 11. Rd1 Qb6 12. b4 Bd7 13. Be3 Qc6 14. Nxa7
Nxb4 15. axb4 Rxa7 16. b5 Qc4 17. Bxa7 Bb4 18. Bd4 Ne4 19. e3 Bxc3+ 20. Bxc3
Qxc3+ 21. Qxc3 Nxc3 22. Rd4 Ra8 23. f3 Ra2 24. e4 Kf8 25. exd5 Bxb5 26. Rd2
Ra1+ 27. Kf2 Nd1+ 28. Kg3 Ne3 29. Bxb5 Rxh1 30. d6 Rd1 31. Rxd1 Nxd1 32. Kf4
Nc3 33. Bd3 h6 34. Ke5 Na4 35. Kd4 b6 36. Kd5 Nc5 37. Bb5 Nb3 38. Kc6 Nd4+ 39.
Kxb6 Nxb5 40. Kxb5 Ke8 41. Kc6 Kd8 42. f4 h5 43. g3 Kc8 44. d7+ 1-0

[Event "3MCR_4D_2LB_2S"]
[Site "?"]
[Date "1999.??.??"]
[Round "2"]
[White "Necesany, Zdenek"]
[Black "Cakl, Zdenek"]
[Result "0-1"]
[WhiteElo "2260"]
[BlackElo "2000"]
[PlyCount "74"]
[EventDate "1999.??.??"]
[EventType "corr"]

1. d4 d5 2. c4 e6 3. cxd5 exd5 4. Nc3 f5 5. Bf4 Nf6 6. e3 Be7 7. Bd3 c6 8. Nf3
O-O 9. Qc2 Ne4 10. O-O g5 11. Be5 Nd7 12. Bg3 Ndf6 13. Rae1 Nxg3 14. hxg3 Ne4
15. Qe2 Bd6 16. Rc1 g4 17. Nd2 h5 18. Bxe4 fxe4 19. Qd1 h4 20. Ne2 Kg7 21. Nf4
Rh8 22. Qb3 Qf6 23. Qc3 Qh6 24. Rfe1 h3 25. Kf1 hxg2+ 26. Ke2 Bxf4 27. exf4 Qf6
28. Rg1 Rh2 29. Qb4 b6 30. Qa4 Bb7 31. Ke3 Kg6 32. Qd1 Qe6 33. Qa4 a5 34. Qb3
c5 35. Qc3 Rc8 36. Rcd1 Qf6 37. dxc5 bxc5 0-1

[Event "3MCR_4D_2LB_2S"]
[Site "?"]
[Date "1999.??.??"]
[Round "2"]
[White "Rachunek, Milan"]
[Black "Humpolak, Jiri"]
[Result "1-0"]
[WhiteElo "2165"]
[BlackElo "1815"]
[PlyCount "79"]
[EventDate "1999.??.??"]
[EventType "corr"]

1. d4 Nf6 2. c4 e6 3. Nc3 Bb4 4. Qc2 Nc6 5. Nf3 d5 6. a3 Bxc3+ 7. bxc3 h6 8. e3
O-O 9. Bd3 dxc4 10. Bxc4 Ne7 11. e4 Bd7 12. Rb1 b6 13. e5 Nfd5 14. Bd3 Nc6 15.
O-O f5 16. Rd1 Qe8 17. c4 Nde7 18. Bd2 Nd8 19. Qa2 Bc6 20. Be2 Nb7 21. Bb4 a5
22. Bc3 Be4 23. Rb5 Kh7 24. Ne1 Bc6 25. Rb2 Rd8 26. f4 Rg8 27. Nf3 Be4 28. Bd2
Qg6 29. Be3 Rd7 30. Qb3 Rgd8 31. Rbd2 Kh8 32. Nh4 Qf7 33. Bf3 Bxf3 34. Nxf3 Rb8
35. Bf2 Kh7 36. d5 exd5 37. cxd5 Rdd8 38. e6 Qf6 39. Bh4 Qf8 40. Ne5 1-0

[Event "3MCR_4D_2LB_2S"]
[Site "?"]
[Date "1999.??.??"]
[Round "2"]
[White "Obsivac, Jan"]
[Black "Nigrin, Jiri"]
[Result "1/2-1/2"]
[WhiteElo "2400"]
[BlackElo "1945"]
[PlyCount "103"]
[EventDate "1999.??.??"]
[EventType "corr"]

1. d4 Nf6 2. c4 c5 3. d5 b5 4. Nf3 Bb7 5. a4 b4 6. Nbd2 d6 7. e4 e5 8. Bd3 g6
9. b3 a5 10. Bb2 Nbd7 11. Qe2 Qe7 12. g3 Bg7 13. h3 Nh5 14. Nf1 O-O-O 15. O-O-O
Rhf8 16. Nh4 Nf4 17. gxf4 Qxh4 18. f5 g5 19. Ne3 Nf6 20. Qf3 Rg8 21. Kc2 Bh8
22. Rdg1 Rd7 23. Rg3 Qh6 24. h4 gxh4 25. Rgh3 Qf4 26. Qxf4 exf4 27. Nd1 Re7 28.
Rxh4 Nxe4 29. Bxh8 Rxh8 30. Rxf4 Nf6 31. Rh6 Ng8 32. f6 Re2+ 33. Bxe2 Nxh6 34.
Re4 Rf8 35. Rh4 Ng8 36. Rxh7 Nxf6 37. Rh6 Ne8 38. Ne3 Kd8 39. Nf5 Kc7 40. Bh5
Bc8 41. Ne7 Bd7 42. Rh7 f5 43. Ng6 Rg8 44. Rf7 Rg7 45. Rf8 Rh7 46. Nf4 Ng7 47.
Rf7 Rxh5 48. Rxg7 Rh8 49. Rf7 Kd8 50. Ne6+ Bxe6 51. dxe6 Rh2 52. Rxf5 1/2-1/2

[Event "3MCR_4D_2LB_2S"]
[Site "?"]
[Date "1999.??.??"]
[Round "2"]
[White "Obsivac, Jan"]
[Black "Rachunek, Milan"]
[Result "1/2-1/2"]
[WhiteElo "2400"]
[BlackElo "2165"]
[PlyCount "88"]
[EventDate "1999.??.??"]
[EventType "corr"]

1. d4 Nf6 2. c4 g6 3. Nc3 Bg7 4. e4 d6 5. Nf3 O-O 6. Be2 e5 7. Be3 exd4 8. Nxd4
Re8 9. f3 c6 10. Qd2 d5 11. exd5 cxd5 12. O-O Nc6 13. Rfd1 dxc4 14. Bxc4 Nxd4
15. Bxd4 a6 16. Bd5 Nxd5 17. Bxg7 Be6 18. Be5 f6 19. Bd4 Nxc3 20. Qxc3 Rc8 21.
Bxf6 Qb6+ 22. Qd4 Qxd4+ 23. Bxd4 Rc2 24. Rac1 Rec8 25. Rxc2 Rxc2 26. Bc3 Kf7
27. Rd8 Ke7 28. Rb8 Bd5 29. Rh8 h5 30. a3 Re2 31. Rc8 Kd7 32. Rf8 Ke7 33. Rf4
Rc2 34. h4 b5 35. Kh2 Bc4 36. Kh3 Bf1 37. Re4+ Kf7 38. Re1 Bc4 39. g4 Re2 40.
Rd1 hxg4+ 41. fxg4 Re3+ 42. Kh2 Re4 43. Rd6 Rxg4 44. Kh3 Rg1 1/2-1/2

[Event "3MCR_4D_2LB_2S"]
[Site "?"]
[Date "1999.??.??"]
[Round "2"]
[White "Postupa, Pavel"]
[Black "Veselsky, Michal"]
[Result "0-1"]
[WhiteElo "1910"]
[BlackElo "1600"]
[PlyCount "56"]
[EventDate "1999.??.??"]
[EventType "corr"]

1. e4 Nf6 2. e5 Nd5 3. d4 d6 4. Nf3 dxe5 5. Nxe5 Nd7 6. Nxf7 Kxf7 7. Qh5+ Ke6
8. g3 b5 9. a4 c6 10. axb5 g6 11. Qe2+ Kf7 12. Bg2 Bb7 13. c4 Nb4 14. bxc6 Nxc6
15. Bd5+ Kg7 16. Qe6 Qe8 17. Bxc6 Bxc6 18. Qxc6 e5 19. d5 Bb4+ 20. Bd2 Rc8 21.
Qe6 Rxc4 22. Rxa7 Rc1+ 23. Ke2 Qxe6 24. dxe6 Rxh1 25. exd7 Be7 26. Bg5 Bd8 27.
Nc3 Rf8 28. Nd5 Rxh2 0-1

[Event "3MCR_4D_2LB_2S"]
[Site "?"]
[Date "1999.??.??"]
[Round "2"]
[White "Humpolak, Jiri"]
[Black "Postupa, Pavel"]
[Result "1-0"]
[WhiteElo "1815"]
[BlackElo "1910"]
[PlyCount "51"]
[EventDate "1999.??.??"]
[EventType "corr"]

1. e4 e5 2. Nf3 Nc6 3. Bc4 Nf6 4. Ng5 d5 5. exd5 Na5 6. Bb5+ c6 7. dxc6 bxc6 8.
Qf3 Rb8 9. Be2 h6 10. Ne4 Nd5 11. O-O Be7 12. Qg3 O-O 13. Qxe5 Bd7 14. Nbc3 f6
15. Qg3 Nb4 16. d3 Kh8 17. Bf4 Rb7 18. Nd6 Rb6 19. Bh5 Be6 20. Rae1 Qd7 21. Na4
Rb5 22. Nxb5 cxb5 23. Nc3 Nxc2 24. Rc1 Nd4 25. Rfe1 Nac6 26. Qe3 1-0

[Event "3MCR_4D_2LB_3S"]
[Site "?"]
[Date "1999.??.??"]
[Round "3"]
[White "Travnik, Petr"]
[Black "Truksa, Vaclav"]
[Result "1-0"]
[WhiteElo "2000"]
[BlackElo "1600"]
[PlyCount "25"]
[EventDate "1999.??.??"]
[EventType "corr"]

1. d4 d5 2. c4 e6 3. Nc3 Nf6 4. Bg5 Be7 5. Nf3 Nbd7 6. e3 O-O 7. Rc1 c6 8. Qc2
Re8 9. a3 c5 10. cxd5 Nxd5 11. Nxd5 Bxg5 12. Nxg5 g6 13. Qe4 1-0

[Event "3MCR_4D_2LB_3S"]
[Site "?"]
[Date "1999.??.??"]
[Round "3"]
[White "Travnik, Petr"]
[Black "Staufcik, Robert"]
[Result "1/2-1/2"]
[WhiteElo "2000"]
[BlackElo "2000"]
[PlyCount "41"]
[EventDate "1999.??.??"]
[EventType "corr"]

1. d4 d5 2. c4 dxc4 3. Nf3 Nf6 4. Nc3 c5 5. d5 e6 6. e4 exd5 7. e5 Nfd7 8. Bg5
Be7 9. Bxe7 Qxe7 10. Nxd5 Qd8 11. Qc2 b5 12. O-O-O Bb7 13. h4 Bxd5 14. Rxd5 Qe7
15. Qe4 Nb6 16. e6 f6 17. h5 O-O 18. Nh4 Nxd5 19. Nf5 Qc7 20. Qxd5 Nc6 21. Qxc6
1/2-1/2

[Event "3MCR_4D_2LB_3S"]
[Site "?"]
[Date "1999.??.??"]
[Round "3"]
[White "Pospisil, Ludvik"]
[Black "Truksa, Vaclav"]
[Result "1-0"]
[WhiteElo "2235"]
[BlackElo "1600"]
[PlyCount "47"]
[EventDate "1999.??.??"]
[EventType "corr"]

1. e4 c5 2. Nf3 d6 3. d4 cxd4 4. Qxd4 Nc6 5. Bb5 Bd7 6. Bxc6 Bxc6 7. Nc3 Nf6 8.
Bg5 e6 9. O-O-O Be7 10. Qd3 Qc7 11. Bxf6 gxf6 12. Nd4 a6 13. Qg3 O-O-O 14. Qg7
Bf8 15. Qxf6 Be7 16. Qf3 d5 17. Kb1 Bc5 18. Nxc6 bxc6 19. Na4 Ba7 20. exd5 cxd5
21. Rd3 Rd6 22. Rc3 Rc6 23. Rxc6 Qxc6 24. Qxf7 1-0

[Event "3MCR_4D_2LB_3S"]
[Site "?"]
[Date "1999.??.??"]
[Round "3"]
[White "Pospisil, Ludvik"]
[Black "Kozak, Martin"]
[Result "1-0"]
[WhiteElo "2235"]
[BlackElo "1765"]
[PlyCount "21"]
[EventDate "1999.??.??"]
[EventType "corr"]

1. e4 e6 2. d4 d5 3. e5 c5 4. c3 Nc6 5. a3 c4 6. Nf3 h6 7. Nbd2 Nge7 8. b3 b5
9. a4 a6 10. axb5 axb5 11. Rxa8 1-0

[Event "3MCR_4D_2LB_3S"]
[Site "?"]
[Date "1999.??.??"]
[Round "3"]
[White "Killar, Marek"]
[Black "Travnik, Petr"]
[Result "0-1"]
[WhiteElo "2115"]
[BlackElo "2000"]
[PlyCount "42"]
[EventDate "1999.??.??"]
[EventType "corr"]

1. e4 c5 2. Nf3 d6 3. d4 cxd4 4. Nxd4 Nf6 5. Nc3 a6 6. Bg5 e6 7. f4 Be7 8. Qf3
Qc7 9. O-O-O Nbd7 10. g4 b5 11. Bxf6 gxf6 12. f5 Ne5 13. Qh3 O-O 14. Qh6 Kh8
15. Rd3 Nxd3+ 16. Bxd3 Rg8 17. Rf1 Rxg4 18. e5 dxe5 19. fxe6 f5 20. Rxf5 exd4
21. Nd5 Rg1+ 0-1

[Event "3MCR_4D_2LB_3S"]
[Site "?"]
[Date "1999.??.??"]
[Round "3"]
[White "Pilar, Richard"]
[Black "Pospisil, Ludvik"]
[Result "0-1"]
[WhiteElo "1600"]
[BlackElo "2235"]
[PlyCount "36"]
[EventDate "1999.??.??"]
[EventType "corr"]

1. e4 e5 2. Nf3 Nc6 3. c3 d5 4. Bd3 Nf6 5. Qa4 Bd7 6. Qb3 Qe7 7. Ng5 h6 8. exd5
Na5 9. Qb4 Qxb4 10. cxb4 Bxb4 11. Ne4 Nxd5 12. Nbc3 Nf4 13. Bf1 Bc6 14. f3
O-O-O 15. Ne2 Nd3+ 16. Kd1 Ba4+ 17. b3 Nxb3 18. N2c3 Bxc3 0-1

[Event "3MCR_4D_2LB_3S"]
[Site "?"]
[Date "1999.??.??"]
[Round "3"]
[White "Truksa, Vaclav"]
[Black "Pilar, Richard"]
[Result "1-0"]
[WhiteElo "1600"]
[BlackElo "1600"]
[PlyCount "49"]
[EventDate "1999.??.??"]
[EventType "corr"]

1. e4 e5 2. Nf3 Nc6 3. Bb5 a6 4. Ba4 b5 5. Bb3 Bc5 6. c3 Qf6 7. d3 Nge7 8. Be3
Bxe3 9. fxe3 O-O 10. O-O Nd8 11. d4 exd4 12. exd4 d6 13. Nbd2 Bb7 14. Qe2 Ng6
15. Ne5 Qe7 16. Nxg6 hxg6 17. Rae1 Re8 18. d5 c6 19. Qf2 Rc8 20. Nf3 Rc7 21.
Qg3 a5 22. e5 Qd7 23. exd6 Rc8 24. Rxe8+ Qxe8 25. Ng5 1-0

[Event "3MCR_4D_2LB_3S"]
[Site "?"]
[Date "1999.??.??"]
[Round "3"]
[White "Staufcik, Robert"]
[Black "Truksa, Vaclav"]
[Result "1-0"]
[WhiteElo "2000"]
[BlackElo "1600"]
[PlyCount "63"]
[EventDate "1999.??.??"]
[EventType "corr"]

1. e4 c5 2. Nf3 d6 3. d4 cxd4 4. Nxd4 Nf6 5. Nc3 g6 6. Be3 Bg7 7. f3 Nc6 8. Qd2
O-O 9. Bc4 Qa5 10. Bb3 Nxd4 11. Bxd4 Be6 12. O-O-O b5 13. Kb1 b4 14. Nd5 Bxd5
15. exd5 Qb5 16. Qd3 Qxd3 17. Rxd3 Rfc8 18. Re1 Kf8 19. Ba4 Rc7 20. a3 Rb8 21.
Bc6 e5 22. Bf2 Ng8 23. Re4 Ne7 24. Rxb4 Rxb4 25. axb4 Bf6 26. Ra3 Nxc6 27. dxc6
Rxc6 28. Rxa7 d5 29. Ra8+ Kg7 30. b5 Rc7 31. b6 Rb7 32. Bc5 1-0

[Event "3MCR_4D_2LB_3S"]
[Site "?"]
[Date "1999.??.??"]
[Round "3"]
[White "Bultman, Milan"]
[Black "Truksa, Vaclav"]
[Result "1-0"]
[WhiteElo "2065"]
[BlackElo "1600"]
[PlyCount "49"]
[EventDate "1999.??.??"]
[EventType "corr"]

1. d4 d5 2. Nf3 Nf6 3. Bg5 Bf5 4. Nbd2 Nbd7 5. e3 h6 6. Bxf6 Nxf6 7. c4 c6 8.
cxd5 cxd5 9. Qb3 Qb6 10. Bb5+ Bd7 11. Bxd7+ Nxd7 12. Qxd5 e6 13. Qc4 Be7 14.
O-O O-O 15. Rfc1 Bf6 16. Qc7 Nb8 17. Ne4 Bd8 18. Qxb6 Bxb6 19. Nd6 Nc6 20. Nxb7
Nb4 21. Ne5 f6 22. Nd7 Rf7 23. Nbc5 Nd5 24. Nxb6 axb6 25. Nxe6 1-0

[Event "3MCR_4D_2LB_3S"]
[Site "?"]
[Date "1999.??.??"]
[Round "3"]
[White "Truksa, Vaclav"]
[Black "Musil, Vitezslav"]
[Result "1/2-1/2"]
[WhiteElo "1600"]
[BlackElo "2060"]
[PlyCount "56"]
[EventDate "1999.??.??"]
[EventType "corr"]

1. e4 e5 2. Nf3 Nc6 3. Bb5 a6 4. Ba4 Nf6 5. O-O Be7 6. Re1 b5 7. Bb3 O-O 8. h3
d6 9. c3 h6 10. d4 Re8 11. Nbd2 Bf8 12. Nf1 Bb7 13. Ng3 Na5 14. Bc2 Nc4 15. b3
Nb6 16. Nh2 d5 17. exd5 Qxd5 18. f3 exd4 19. Ne4 Nbd7 20. cxd4 c5 21. Bb2 Rad8
22. Ng4 Nxg4 23. hxg4 cxd4 24. Qxd4 Qxd4+ 25. Bxd4 Bb4 26. Red1 Nf8 27. Be3 Ne6
28. a4 Rxd1+ 1/2-1/2

[Event "3MCR_4D_2LB_3S"]
[Site "?"]
[Date "1999.??.??"]
[Round "3"]
[White "Bem, Jiri"]
[Black "Kozeny, Pavel"]
[Result "1/2-1/2"]
[WhiteElo "2000"]
[BlackElo "1800"]
[PlyCount "34"]
[EventDate "1999.??.??"]
[EventType "corr"]

1. e4 c5 2. Nf3 Nc6 3. d4 cxd4 4. Nxd4 Nf6 5. Nc3 e6 6. Nxc6 bxc6 7. Bd3 e5 8.
O-O Bb4 9. Bg5 d6 10. Ne2 O-O 11. c3 Bc5 12. b4 Bb6 13. Ng3 h6 14. Be3 Bxe3 15.
fxe3 Ng4 16. Qe1 Qh4 17. h3 Nf6 1/2-1/2

[Event "3MCR_4D_2LB_3S"]
[Site "?"]
[Date "1999.??.??"]
[Round "3"]
[White "Pospisil, Ludvik"]
[Black "Killar, Marek"]
[Result "1-0"]
[WhiteElo "2235"]
[BlackElo "2115"]
[PlyCount "57"]
[EventDate "1999.??.??"]
[EventType "corr"]

1. e4 c6 2. d4 d5 3. exd5 cxd5 4. Bd3 Nc6 5. c3 g6 6. Nf3 Bg7 7. O-O Nh6 8. Re1
O-O 9. Bf4 Bf5 10. Bxh6 Bxh6 11. Bxf5 gxf5 12. Nbd2 e6 13. Nb3 b6 14. Nc1 Bxc1
15. Qxc1 Qf6 16. Qf4 Qg6 17. Re3 Kh8 18. Kh1 Rac8 19. h3 Rg8 20. Rg1 Qh5 21.
Ne5 f6 22. Nd3 Qf7 23. Rge1 Nd8 24. Qf3 Rc6 25. Nf4 Rd6 26. Qe2 Re8 27. Re5 Kg8
28. Rxd5 Rxd5 29. Nxd5 1-0

[Event "3MCR_4D_2LB_3S"]
[Site "?"]
[Date "1999.??.??"]
[Round "3"]
[White "Killar, Marek"]
[Black "Bem, Jiri"]
[Result "1-0"]
[WhiteElo "2115"]
[BlackElo "2000"]
[PlyCount "37"]
[EventDate "1999.??.??"]
[EventType "corr"]

1. e4 e5 2. Nf3 Nc6 3. d4 exd4 4. Nxd4 g6 5. Nc3 Bg7 6. Be3 d6 7. Be2 Nge7 8.
Qd2 Bd7 9. O-O-O a6 10. f4 b5 11. g4 Na5 12. f5 b4 13. Nd5 Nxd5 14. exd5 c5 15.
dxc6 Nxc6 16. Nxc6 Bxc6 17. Rhe1 Be5 18. Bh6 Rg8 19. Bc4 1-0

[Event "3MCR_4D_2LB_3S"]
[Site "?"]
[Date "1999.??.??"]
[Round "3"]
[White "Pilar, Richard"]
[Black "Liska, Jiri"]
[Result "0-1"]
[WhiteElo "1600"]
[BlackElo "2230"]
[PlyCount "48"]
[EventDate "1999.??.??"]
[EventType "corr"]

1. e4 Nf6 2. e5 Nd5 3. d4 d6 4. Bc4 Nb6 5. Bb3 dxe5 6. Nf3 exd4 7. Nxd4 c5 8.
Nb5 c4 9. Bf4 Qxd1+ 10. Kxd1 Na6 11. Nc7+ Nxc7 12. Bxc7 cxb3 13. axb3 Nd5 14.
Bg3 Bf5 15. Re1 e6 16. Nd2 Nb4 17. Ra4 b5 18. Ra5 Bxc2+ 19. Ke2 Bd3+ 20. Kf3
Bc5 21. Rc1 Bb6 22. Ra3 Nc2 23. Ra6 Nd4+ 24. Kf4 Ne2+ 0-1

[Event "3MCR_4D_2LB_3S"]
[Site "?"]
[Date "1999.??.??"]
[Round "3"]
[White "Pilar, Richard"]
[Black "Travnik, Petr"]
[Result "0-1"]
[WhiteElo "1600"]
[BlackElo "2000"]
[PlyCount "54"]
[EventDate "1999.??.??"]
[EventType "corr"]

1. e4 c5 2. Nf3 d6 3. d4 cxd4 4. Nxd4 Nf6 5. Nc3 a6 6. Bc4 e6 7. Bd3 Nbd7 8.
O-O Be7 9. Qf3 O-O 10. Re1 Qc7 11. Qg3 Ne5 12. Bf4 Nxd3 13. cxd3 e5 14. Bh6 Nh5
15. Nd5 Qd8 16. Nxe7+ Qxe7 17. Qf3 Qh4 18. Nf5 Bxf5 19. exf5 gxh6 20. Re4 Nf4
21. g3 Qh3 22. Rae1 Kh8 23. d4 f6 24. dxe5 fxe5 25. Rb4 Rxf5 26. Qxb7 Rg8 27.
Kh1 Rh5 0-1

[Event "3MCR_4D_2LB_3S"]
[Site "?"]
[Date "1999.??.??"]
[Round "3"]
[White "Kyzlink, Vladimir"]
[Black "Pilar, Richard"]
[Result "1-0"]
[WhiteElo "2135"]
[BlackElo "1600"]
[PlyCount "45"]
[EventDate "1999.??.??"]
[EventType "corr"]

1. e4 e5 2. Nf3 Nc6 3. Bb5 a6 4. Ba4 Nf6 5. O-O Bc5 6. c3 O-O 7. Bxc6 dxc6 8.
Nxe5 Nxe4 9. d4 Bd6 10. Re1 Nf6 11. Bg5 Re8 12. Nd2 Bf5 13. Qb3 Re6 14. Qxb7
Qe8 15. Bxf6 gxf6 16. Nef3 Rb8 17. Qxa6 Rxb2 18. Nc4 Bd3 19. Rxe6 Qxe6 20. Qa8+
Kg7 21. Nxb2 Be4 22. Re1 Qg4 23. Re3 1-0

[Event "3MCR_4D_2LB_3S"]
[Site "?"]
[Date "1999.??.??"]
[Round "3"]
[White "Liska, Jiri"]
[Black "Michalek, Milos"]
[Result "1/2-1/2"]
[WhiteElo "2230"]
[BlackElo "2020"]
[PlyCount "41"]
[EventDate "1999.??.??"]
[EventType "corr"]

1. c4 e5 2. Nc3 Nf6 3. Nf3 Nc6 4. d4 exd4 5. Nxd4 Bb4 6. Bg5 h6 7. Bh4 Bxc3+ 8.
bxc3 d6 9. f3 Ne5 10. e4 Ng6 11. Bf2 O-O 12. Rb1 b6 13. Be2 Bd7 14. O-O Nf4 15.
Be3 Nxe2+ 16. Qxe2 Qe7 17. Rfd1 Rfe8 18. Rd2 Nh7 19. Nb5 Bc6 20. Nd4 Bd7 21.
Nb5 1/2-1/2

[Event "3MCR_4D_2LB_3S"]
[Site "?"]
[Date "1999.??.??"]
[Round "3"]
[White "Staufcik, Robert"]
[Black "Bem, Jiri"]
[Result "1-0"]
[WhiteElo "2000"]
[BlackElo "2000"]
[PlyCount "43"]
[EventDate "1999.??.??"]
[EventType "corr"]

1. e4 c5 2. Nf3 Nc6 3. d4 cxd4 4. Nxd4 Nf6 5. Nc3 d6 6. Bg5 g6 7. Bxf6 exf6 8.
Bc4 Qb6 9. Ndb5 Nb4 10. a3 Na6 11. Nd5 Qd8 12. O-O Be7 13. Nxe7 Kxe7 14. Qd5
Rf8 15. Rfd1 Nc7 16. Qxd6+ Qxd6 17. Nxd6 Ne6 18. Rd2 Rd8 19. Rad1 Nc5 20. b4
Ne6 21. Bxe6 Kxe6 22. Nxb7 1-0

[Event "3MCR_4D_2LB_3S"]
[Site "?"]
[Date "1999.??.??"]
[Round "3"]
[White "Bem, Jiri"]
[Black "Pilar, Richard"]
[Result "1-0"]
[WhiteElo "2000"]
[BlackElo "1600"]
[PlyCount "29"]
[EventDate "1999.??.??"]
[EventType "corr"]

1. c4 e5 2. Nc3 Nc6 3. g3 Nf6 4. Bg2 Bc5 5. d3 O-O 6. Nf3 d6 7. Bg5 Re8 8. O-O
Bf5 9. Nd5 Re6 10. Nh4 Bg4 11. Qd2 Qe8 12. Bxf6 gxf6 13. Nxc7 Qc8 14. Nxa8 Qxa8
15. e3 1-0

[Event "3MCR_4D_2LB_3S"]
[Site "?"]
[Date "1999.??.??"]
[Round "3"]
[White "Killar, Marek"]
[Black "Pilar, Richard"]
[Result "1-0"]
[WhiteElo "2115"]
[BlackElo "1600"]
[PlyCount "53"]
[EventDate "1999.??.??"]
[EventType "corr"]

1. e4 e5 2. Nf3 Nc6 3. Bb5 a6 4. Ba4 Nf6 5. O-O Be7 6. Re1 b5 7. Bb3 O-O 8. c3
d6 9. h3 Bb7 10. d4 exd4 11. cxd4 Nd7 12. Nbd2 Bf6 13. Nf1 Na5 14. Bc2 Re8 15.
Ng3 Re6 16. Nf5 c6 17. g4 h6 18. h4 Qb6 19. g5 hxg5 20. hxg5 Bd8 21. d5 cxd5
22. exd5 Rxe1+ 23. Qxe1 Kf8 24. Be3 Qc7 25. Bd4 f6 26. Qe6 Ne5 27. Nxe5 1-0